Online Catalogue and eLibrary

The Vanishing Aborigines: (Record no. 1048)

MARC details
000 -LEADER
fixed length control field 00534nam a2200193Ia 4500
005 - DATE AND TIME OF LATEST TRANSACTION
control field 20250312040702.0
008 - FIXED-LENGTH DATA ELEMENTS--GENERAL INFORMATION
fixed length control field 240331s9999 xx 000 0 und d
020 ## - INTERNATIONAL STANDARD BOOK NUMBER
ISBN 0706952987
082 ## - DDC Classification
Class No. 301
Item Number - Author Mark VAN
DDC Edition Number 968
245 #4 - TITLE STATEMENT
Title The Vanishing Aborigines:
Remainder of title Sri Lanka's Veddas in Transition
260 ## - PUBLICATION, DISTRIBUTION, ETC.
Place of publication, distribution, etc. New Delhi,
Name of publisher, distributor, etc. Vikas Publishing House
Date of publication, distribution, etc. 1990
300 ## - PHYSICAL DESCRIPTION
Extent (e.g. Volumes, Pages etc.) 176 p.,
650 ## - SUBJECT ADDED ENTRY--TOPICAL TERM
Topical term or geographic name entry element Aborigines
650 ## - SUBJECT ADDED ENTRY--TOPICAL TERM
Topical term or geographic name entry element History
650 ## - SUBJECT ADDED ENTRY--TOPICAL TERM
Topical term or geographic name entry element Religion
700 ## - ADDED ENTRY--PERSONAL NAME
Personal name Dharmadasa, K. N. O
Relator term (Role) Editor
700 ## - ADDED ENTRY--PERSONAL NAME
Personal name Samarasinghe, S. W. R. de A
Relator term (Role) Editor
942 ## - Koha item type (Biblio)
Koha item type Books in Stacks (Lending)
Holdings
Lost status Damaged status Collection code Home library Current library Shelving location Date acquired Full call number Accession Number Item type
    Lending WERC Library WERC Library Social Science Cupboard 03/31/2024 301 VAN 968 Books in Stacks (Lending)

© WERC Library